[Event "Munich SKA"]
[Site "Munich"]
[Date "1994.??.??"]
[Round "9"]
[White "Bareev, Evgeny"]
[Black "Lobron, Eric"]
[Result "1-0"]
[WhiteElo "2685"]
[BlackElo "2570"]

1.d4 Nf6 2.c4 e6 3.Nc3 c5 4.d5 exd5 5.cxd5 d6 6.e4 g6 7.h3 Bg7 8.Nf3 a6 9.a4 Nbd7
10.Bd3 Qe7 11.O-O O-O 12.Be3 h6 13.Re1 Re8 14.Qd2 Qf8 15.Rab1 g5 16.b4 g4
17.hxg4 Nxg4 18.Bf4 b6 19.bxc5 bxc5 20.Ne2 Nde5 21.Nxe5 Nxe5 22.Ng3 Ng6 23.Be3 Nh4
24.Rb6 f5 25.exf5 Nxf5 26.Bxf5 Bxf5 27.Nxf5 Qxf5 28.Rxd6 c4 29.Rc1 c3 30.Rxc3 Bxc3
31.Qxc3 Rac8 32.Rc6 Rxc6 33.dxc6 Kh7 34.c7 Qe6 35.a5 h5 36.Qc5 Qg4 37.f3 Qh4
38.Qc2+ Kg7 39.Qc3+  1-0

[Event "Pardubice"]
[Site "Pardubice"]
[Date "1994.??.??"]
[Round "2"]
[White "Greenfeld, Alon"]
[Black "Bareev, Evgeny"]
[Result "1/2-1/2"]
[WhiteElo "2600"]
[BlackElo "2685"]

1.d4 d5 2.c4 c6 3.Nf3 Nf6 4.e3 Bf5 5.cxd5 cxd5 6.Qb3 Qc7 7.Bd2 Nc6 8.Bb5 e6
9.Bb4 Bxb4+ 10.Qxb4 Qe7 11.Bxc6+ bxc6 12.Qxe7+ Kxe7 13.Nc3  1/2-1/2

[Event "Tilburg rapid20"]
[Site "Tilburg"]
[Date "1994.??.??"]
[Round "2"]
[White "Adianto, Utut"]
[Black "Bareev, Evgeny"]
[Result "0-1"]
[WhiteElo "2520"]
[BlackElo "2675"]

1.c4 e5 2.Nc3 Nf6 3.g3 Bb4 4.Bg2 O-O 5.Nf3 Re8 6.O-O c6 7.d3 h6 8.Ne4 Nxe4
9.dxe4 Bf8 10.Be3 d6 11.Qd2 Be6 12.Rac1 Nd7 13.Nh4 Nf6 14.Rfd1 Ng4 15.Nf5 Qf6
16.Qd3 d5 17.cxd5 cxd5 18.h3 dxe4 19.Bxe4 Rad8 20.hxg4 Rxd3 21.Rxd3 Rd8 22.Bxa7 Rxd3
23.exd3 h5 24.Ne3 hxg4 25.Rc7 b5 26.Rb7 b4 27.Nd5 Qg5 28.Rb8 f5 29.Be3 Qh5
30.Bg2 Kf7 31.Rb7+ Kg8 32.d4 f4 33.gxf4 g3 34.fxg3 exd4 35.Bf2 Bxd5 36.Rb5 Qd1+
37.Kh2 Bxg2 38.Kxg2 Qc2  0-1

[Event "Dortmund"]
[Site "Dortmund"]
[Date "1995.??.??"]
[Round "1"]
[White "Bareev, Evgeny"]
[Black "Karpov, Anatoly"]
[Result "0-1"]
[WhiteElo "2560"]
[BlackElo "2775"]

1.Nf3 Nf6 2.c4 e6 3.Nc3 Bb4 4.Qc2 O-O 5.a3 Bxc3 6.Qxc3 b6 7.g3 Bb7 8.Bg2 c5
9.b4 d6 10.O-O Nbd7 11.Bb2 Qc7 12.d3 Rfc8 13.Rac1 a6 14.Qd2 Bc6 15.Rfe1 Qb7
16.d4 Qb8 17.Bh3 Ne4 18.Qe3 d5 19.cxd5 Bxd5 20.dxc5 bxc5 21.Nd2 Nd6 22.Qc3 Ne8
23.e4 Bb7 24.Nb3 Ndf6 25.Bg2 cxb4 26.Qxb4 Rxc1 27.Bxc1 Bc6 28.Qc3 Qc8 29.Bf4 Bb5
30.Qb2 Qd8 31.Nc5 Rc8 32.Qb4 Qb6 33.Rc1 Qa7 34.h3 h6 35.Rc3 Qa8 36.a4 Bc6
37.Qb6 Nd7 38.Nxd7 Bxd7 39.Rxc8 Qxc8 40.a5 Bb5 41.Bf1 Bxf1 42.Kxf1 Qc4+ 43.Kg1 Nf6
44.f3 Nh5 45.Bb8 Qc3 46.g4 Nf6 47.Qd8+ Kh7 48.Kg2 Qb2+ 49.Kg1 Qe2  0-1

[Event "Dortmund"]
[Site "Dortmund"]
[Date "1995.??.??"]
[Round "4"]
[White "Short, Nigel D"]
[Black "Bareev, Evgeny"]
[Result "0-1"]
[WhiteElo "2645"]
[BlackElo "2650"]

1.e4 e5 2.Nf3 Nc6 3.Bb5 a6 4.Ba4 Nf6 5.O-O Be7 6.Re1 b5 7.Bb3 O-O 8.c3 d6
9.h3 Na5 10.Bc2 c5 11.d4 Qc7 12.d5 Nc4 13.a4 Bd7 14.b3 Nb6 15.a5 Nc8 16.Nbd2 g6
17.Nf1 Ne8 18.Bh6 Ng7 19.g4 Bd8 20.Ng3 Ne7 21.c4 Kh8 22.Kh2 Ng8 23.Be3 bxc4
24.bxc4 f5 25.exf5 gxf5 26.gxf5 Bxf5 27.Nd2 Bc8 28.Rg1 Qd7 29.Rg2 Ne7 30.Kg1 Nef5
31.Nxf5 Nxf5 32.Qg4 Qf7 33.Qe2 Rb8 34.Be4 Rb2 35.Qd3 Nxe3 36.Qxe3 Qf4 37.Nf1 Rf7
38.Ra3 Bh4 39.Qxf4 exf4 40.Nh2 Re7 41.f3 Rg7  0-1

[Event "RUS-ch"]
[Site "Elista"]
[Date "1995.??.??"]
[Round "2"]
[White "Tunik, Gennady"]
[Black "Bareev, Evgeny"]
[Result "0-1"]
[WhiteElo "2515"]
[BlackElo "2650"]

1.d4 d5 2.c4 c6 3.Nf3 Nf6 4.e3 Bf5 5.Bd3 Bg6 6.O-O e6 7.Nc3 Nbd7 8.b3 Bd6
9.Bb2 Ne4 10.Qc2 f5 11.Nd2 O-O 12.f4 Nxd2 13.Qxd2 Nf6 14.a4 Qe7 15.c5 Bc7
16.b4 Bh5 17.Qe1 h6 18.Be2 Bxe2 19.Nxe2 g5 20.Nc1 Kh7 21.Nd3 Rg8 22.Rc1 Rg7
23.Rc2 Rag8 24.Bc1 Qe8 25.Qd1 gxf4 26.exf4 Ne4 27.Qf3 Rg4 28.Ne5 Bxe5 29.dxe5 a5
30.bxa5 R4g7 31.Ba3 Qd8 32.Bb4 Rg4 33.Be1 d4 34.Rb2 Nxc5 35.a6 d3 36.g3 bxa6
37.Rd2 Qd5 38.Qxd5 exd5 39.Bf2 Ne4 40.Rxd3 Rxf4 41.Rb3 Rfg4 42.Rc1 R4g6 43.Rb6 c5
44.Bxc5 Rc8 45.Rb7+ Rg7 46.Rxg7+ Kxg7 47.Be3 Rxc1+ 48.Bxc1 h5 49.Bb2 Kf7
50.Bd4 Ke6 51.Kg2 Nd2 52.Kf2 Nc4 53.Kf3 Nxe5+ 54.Kf4 Nd3+ 55.Ke3 Nb4 56.Bc3 Nc6
57.h4 Kd6 58.Bg7 Nd8 59.Bd4 Ne6 60.Ba7 Kc6 61.Kd3 Nc5+ 62.Ke3 Nxa4 63.Kf4 Nc5
64.Kxf5 d4 65.Bb8 Kd5 66.g4 hxg4 67.Kxg4 a5 68.h5 a4 69.h6 Nd7 70.Bf4 a3
71.Bc1 a2 72.Bb2 Ke4 73.Kg3 Nf6 74.Kf2 Ng4+ 75.Ke2 Nxh6 76.Kd2 Nf5 77.Kc1 d3
78.Bc3 Ne3 79.Bg7 Nc2  0-1

[Event "Leon"]
[Site "Leon"]
[Date "1995.??.??"]
[Round "3"]
[White "Sokolov, Ivan"]
[Black "Bareev, Evgeny"]
[Result "1/2-1/2"]
[WhiteElo "2645"]
[BlackElo "2675"]

1.d4 d5 2.c4 c6 3.Nc3 Nf6 4.Nf3 dxc4 5.a4 Bf5 6.Ne5 e6 7.g3 Bb4 8.Bg2 Be4
9.f3 Bg6 10.O-O c5 11.Na2 Ba5 12.dxc5 Qd5 13.Qxd5 exd5 14.Nxg6 hxg6 15.Rb1 Nbd7
16.Be3 Rc8 17.b4 cxb3 18.Nc1 b2 19.Nb3 Bc3 20.Rfd1 Ne5 21.Bd4 Bxd4+ 22.Rxd4 b6
23.Rxb2 Nc4 24.Rb1 bxc5 25.Nxc5 O-O 26.Nd3 Na3 27.Rb7 Nc2 28.Rf4 Rfe8 29.Bh3 Rc3
30.Kf2 g5 31.Rf5 g4 32.Bxg4 Ne3 33.Rxf6 Nxg4+ 34.fxg4 gxf6 35.Rxa7 Ra3 36.Nf4 Ra2
37.a5 Re4 38.Ra8+ Kh7 39.Rd8 Rxa5 40.Nxd5 Rxd5 41.Rxd5 Rxg4 42.Kf3 Ra4 43.g4 Kg6
44.h4 Ra1 45.h5+ Kg7 46.Rf5 Rg1 47.e3 Rf1+ 48.Ke4 Rg1 49.Rf4 Rg3  1/2-1/2

[Event "Leon"]
[Site "Leon"]
[Date "1995.??.??"]
[Round "5"]
[White "Romero Holmes, Alfonso"]
[Black "Bareev, Evgeny"]
[Result "0-1"]
[WhiteElo "2455"]
[BlackElo "2675"]

1.e4 e5 2.Nf3 Nc6 3.Bb5 a6 4.Bxc6 dxc6 5.O-O Qd6 6.c3 Bg4 7.h3 Bh5 8.d4 f6
9.Be3 O-O-O 10.Nbd2 exd4 11.cxd4 Nh6 12.Qc2 g5 13.Nc4 Qd7 14.Nfd2 f5 15.Bxg5 Re8
16.e5 Rg8 17.Bf4 Nf7 18.Ne3 Nd8 19.Qxf5 Ne6 20.Qxh5 Nxf4 21.Qf5 Qxf5 22.Nxf5 Rxg2+
23.Kh1 Rg5 24.Ng3 Rg6 25.Nf3 Nxh3 26.Nf5 Be7 27.Kh2 Nf4 28.Rg1 Bd8 29.N3h4 Rxg1
30.Rxg1 c5 31.Rg4 Nd3 32.f4 h5 33.Rg1 cxd4 34.Ng6 Nxf4 35.Nxf4 Rf8 36.Ne6 Rxf5
37.Rg8 Kd7 38.Nxd8 Rxe5 39.Nf7  0-1

[Event "Moscow PCA-Intel qual"]
[Site "Moscow"]
[Date "1995.??.??"]
[Round "3"]
[White "Sveshnikov, Evgeny"]
[Black "Bareev, Evgeny"]
[Result "0-1"]
[WhiteElo "2560"]
[BlackElo "2675"]

1.e4 e6 2.d4 d5 3.e5 c5 4.c3 Nc6 5.Nf3 Qb6 6.a3 Nh6 7.b4 cxd4 8.cxd4 Nf5
9.Bb2 a5 10.b5 a4 11.g4 Nfe7 12.Nc3 Nb8 13.Bd3 Nd7 14.O-O Ng6 15.Rc1 Be7
16.Nxa4 Qa5 17.Nc5 O-O 18.Bxg6 hxg6 19.Qd3 Qb6 20.a4 Bxc5 21.dxc5 Nxc5 22.Qe3 Nxa4
23.Bd4 Qd8 24.Ra1 Bd7 25.Rfb1 Qe7 26.h4 b6 27.Bxb6 Nxb6 28.Qxb6 Rxa1 29.Rxa1 Qb4
30.Qd4 Qxb5 31.Ra7 Rc8 32.Qf4 Be8 33.Kg2 Qb6 34.Re7 Kf8 35.Rxe8+ Kxe8 36.h5 Rc4
37.Qg5 Qd8 38.Qxd8+ Kxd8 39.Kg3 gxh5 40.gxh5 Ke7 41.Ng5 Rc1 42.f4 Rf1 43.Nf3 Rxf3+
44.Kxf3 f5 45.Kg3 Kd7 46.Kh4 d4 47.Kg5 Ke7 48.Kg6 Kf8  0-1

[Event "Belgrade"]
[Site "Belgrade"]
[Date "1996.??.??"]
[Round "2"]
[White "Leko, Peter"]
[Black "Bareev, Evgeny"]
[Result "1/2-1/2"]
[WhiteElo "2625"]
[BlackElo "2645"]

1.e4 c6 2.d4 d5 3.Nc3 dxe4 4.Nxe4 Nd7 5.Ng5 Ngf6 6.Bc4 e6 7.Qe2 Nb6 8.Bd3 h6
9.N5f3 c5 10.dxc5 Bxc5 11.Ne5 Nbd7 12.Ngf3 Qc7 13.O-O O-O 14.Bf4 Bd6 15.Nxd7 Bxd7
16.Bxd6 Qxd6 17.Rad1 Qb6 18.c3 Rfd8 19.Rd2 Rac8 20.Rfd1 Ba4 21.Bc2  1/2-1/2

[Event "RUS-ch"]
[Site "Elista"]
[Date "1996.??.??"]
[Round "1"]
[White "Sveshnikov, Evgeny"]
[Black "Bareev, Evgeny"]
[Result "1-0"]
[WhiteElo "2535"]
[BlackElo "2655"]

1.e4 e6 2.d4 d5 3.e5 c5 4.c3 Nc6 5.Nf3 Qb6 6.a3 Nh6 7.b4 cxd4 8.cxd4 Nf5
9.Bb2 Be7 10.h4 h5 11.Bd3 a5 12.Bxf5 exf5 13.Nc3 axb4 14.Nxd5 Qa5 15.Nxe7 b3+
16.Nd2 Nxe7 17.Qxb3 Rh6 18.Bc3 Qd5 19.O-O Qxb3 20.Nxb3 Rc6 21.Bb4 Nd5 22.Na5 Rc2
23.Rfc1 Rxc1+ 24.Rxc1 b6 25.Nc4 Be6 26.Nd6+ Kd7 27.Kh2 Ra4 28.Rb1 g6 29.f3 f4
30.Ne4 Bf5 31.Rb3 Kc6 32.Rb2 Ne3 33.Nc3 Ra7 34.Bf8 Ra8 35.Be7 Ra7 36.Bd8 Ra6
37.a4 Nd5 38.Nxd5 Kxd5 39.Rxb6 Rxa4 40.Rd6+ Kc4 41.d5 Ra8 42.e6 fxe6 43.dxe6 Bxe6
44.Rxe6 Rxd8 45.Rxg6 Kd5 46.Rg5+ Ke6 47.Rxh5 Rg8 48.Kg1 Kf7 49.Kh2 Ke6 50.Kh1 Kf6
51.Kg1 Rg7 52.Rh8 Kf5 53.Kh2 Rg6 54.h5 Rf6 55.Ra8 Rf7 56.Kh3  1-0

[Event "RUS-ch"]
[Site "Elista"]
[Date "1996.??.??"]
[Round "4"]
[White "Bareev, Evgeny"]
[Black "Balashov, Yuri S"]
[Result "1-0"]
[WhiteElo "2655"]
[BlackElo "2530"]

1.d4 Nf6 2.c4 e6 3.Nf3 d5 4.g3 Bb4+ 5.Bd2 Be7 6.Bg2 O-O 7.O-O Nbd7 8.Qc2 c6
9.Bf4 Nh5 10.Bc1 f5 11.b3 g5 12.e3 g4 13.Ne5 Nxe5 14.dxe5 Ng7 15.Nc3 h5 16.Bb2 h4
17.Rad1 Qe8 18.f3 hxg3 19.hxg3 Qg6 20.Ne2 Bd7 21.Nf4 Qg5 22.Kf2 Kf7 23.Rh1 Rh8
24.fxg4 fxg4 25.e4 Bc5+ 26.Ke2 Rxh1 27.Rxh1 d4 28.Qd2 Qxe5 29.b4 Nf5 30.Kf2 d3+
31.bxc5 Qxc5+ 32.Ke1  1-0

[Event "RUS-ch"]
[Site "Elista"]
[Date "1996.??.??"]
[Round "5"]
[White "Sorokin, Maxim"]
[Black "Bareev, Evgeny"]
[Result "1-0"]
[WhiteElo "2550"]
[BlackElo "2655"]

1.Nf3 d5 2.d4 Nf6 3.c4 c6 4.Nc3 dxc4 5.a4 Na6 6.e3 Bg4 7.Bxc4 e6 8.h3 Bh5
9.Qe2 Nb4 10.O-O Be7 11.g4 Bg6 12.e4 Nd7 13.Bf4 O-O 14.Rad1 Re8 15.Bg3 h6
16.Ne1 Bh7 17.f4 Nb6 18.Bb3 c5 19.dxc5 Bxc5+ 20.Kh2 Qe7 21.f5 Nc6 22.fxe6 fxe6
23.Nb5 Kh8 24.Nc7 Nd4 25.Rxd4 Bxd4 26.Nxa8 Nxa8 27.Nf3 e5 28.Rd1 Qb4 29.Qb5 Qxb5
30.axb5 Bxb2 31.Bd5 a6 32.Bxb7 axb5 33.Rb1 Bd4 34.Rxb5 Nc7 35.Nxd4 Nxb5 36.Nxb5 Re6
37.Bd5 Rb6 38.Nc3 Rb2+ 39.Kg1 Bg6 40.Bxe5 Be8 41.Bf4 Rc2 42.Nd1 Bb5 43.Ne3 Rc3
44.Kf2 Kh7 45.h4  1-0

[Event "RUS-ch"]
[Site "Elista"]
[Date "1996.??.??"]
[Round "9"]
[White "Ulibin, Mikhail"]
[Black "Bareev, Evgeny"]
[Result "0-1"]
[WhiteElo "2550"]
[BlackElo "2655"]

1.e4 c6 2.d4 d5 3.Nd2 dxe4 4.Nxe4 Bf5 5.Ng3 Bg6 6.h4 h6 7.Nf3 Nd7 8.h5 Bh7
9.Bd3 Bxd3 10.Qxd3 Ngf6 11.Bd2 e6 12.Qe2 Be7 13.O-O-O O-O 14.Kb1 c5 15.c4 cxd4
16.Nxd4 Qb6 17.Bf4 Bc5 18.Nb3 Rfc8 19.Nxc5 Qxc5 20.Rc1 Rc6 21.Be3 Qa5 22.Bd2 Qc7
23.Ne4 a6 24.Nxf6+ Nxf6 25.g4 b5 26.g5 hxg5 27.h6 Rxc4 28.hxg7 Rxc1+ 29.Rxc1 Qb7
30.f3 Qd5 31.Rg1 Nh7 32.Bc3 Rd8 33.Ka1 Qd3 34.Qe1 Qxf3 35.a3 Rd3 36.Rf1 Qe3
37.Qb1 Rxc3 38.bxc3 Qxc3+ 39.Ka2 Kxg7 40.Rxf7+ Kxf7 41.Qxh7+ Qg7 42.Qe4 Qg6  0-1

[Event "Geneve Credit Suisse"]
[Site "Geneve"]
[Date "1996.??.??"]
[Round "1.1"]
[White "Bareev, Evgeny"]
[Black "Short, Nigel D"]
[Result "1-0"]
[WhiteElo "2655"]
[BlackElo "2695"]

1.d4 Nf6 2.c4 e6 3.Nc3 Bb4 4.e3 c5 5.Bd3 Nc6 6.Nf3 Bxc3+ 7.bxc3 d6 8.O-O e5
9.Nd2 O-O 10.Rb1 Re8 11.d5 Ne7 12.e4 b6 13.Rb2 Ng6 14.Re1 Rf8 15.Nf1 Bg4
16.f3 Bd7 17.g3 h6 18.Rf2 Rb8 19.Ne3 a6 20.Nf5 Bxf5 21.exf5 Ne7 22.g4 b5
23.g5 hxg5 24.Bxg5 Nh7 25.Bh4 f6 26.f4 Rf7 27.Re3 b4 28.cxb4 Rxb4 29.Qh5 Qb6
30.fxe5 dxe5 31.Rh3 e4 32.Bf1 Rb2 33.Bg3 Rxf2 34.Qxh7+ Kf8 35.Bxf2 Ng8 36.Rb3 Qd6
37.Bg3 Qd8 38.Rb8 Qxb8 39.Bxb8 Rd7 40.d6 e3 41.Qh3 Nh6 42.Qxe3 Nf7 43.Qe6 Ne5
44.Bg2  1-0

[Event "Vienna op"]
[Site "Vienna"]
[Date "1996.??.??"]
[Round "2"]
[White "Bareev, Evgeny"]
[Black "Ibragimov, Ildar"]
[Result "1/2-1/2"]
[WhiteElo "2655"]
[BlackElo "2545"]

1.d4 d5 2.Nf3 e6 3.g3 Nf6 4.Bg2 b5 5.O-O c5 6.Nbd2 Bb7 7.dxc5 Bxc5 8.Nb3 Be7
9.Nfd4 b4 10.Bg5 Nbd7 11.Rc1 a5 12.c4 bxc3 13.bxc3 h6 14.Bxf6 Bxf6 15.c4 a4
16.Na1 Ne5 17.Rb1 Qd7 18.cxd5 Bxd5 19.Bxd5 Qxd5 20.Nb5 Qxd1 21.Rfxd1 O-O
22.Nc2 Rfc8 23.Ncd4 Nc6 24.Nf3 Rab8 25.Nd6 Rd8 26.Nc4 Rxd1+  1/2-1/2

[Event "Vienna op"]
[Site "Vienna"]
[Date "1996.??.??"]
[Round "4"]
[White "Bareev, Evgeny"]
[Black "Sveshnikov, Evgeny"]
[Result "1/2-1/2"]
[WhiteElo "2655"]
[BlackElo "2535"]

1.d4 d5 2.c4 e6 3.Nc3 c6 4.Nf3 dxc4 5.a4 Bb4 6.e3 b5 7.Bd2 a5 8.axb5 Bxc3
9.Bxc3 cxb5 10.b3 Bb7 11.bxc4 b4 12.Bb2 Nf6 13.Bd3 O-O 14.O-O Nbd7 15.Re1 Qc7
16.e4 e5 17.c5 exd4 18.Rc1 Ne5 19.c6 Ba6 20.Nxe5 Qxe5 21.Bxa6 Rxa6 22.Qd3 Raa8
23.Bxd4 Qe6 24.Qb5 Rfc8 25.Bxf6 gxf6 26.e5 Rab8 27.Qxa5 Rxc6 28.exf6 Qxf6
29.Rxc6 Qxc6 30.Qg5+ Qg6 31.Qf4 Rb6 32.h4 b3 33.h5 Qf6 34.Re8+ Kg7 35.Qg3+ Kh6
36.Qe3+ Kg7 37.Qg3+ Kh6 38.Qe3+ Kg7 39.Qg3+  1/2-1/2

[Event "Vienna op"]
[Site "Vienna"]
[Date "1996.??.??"]
[Round "7"]
[White "Horvath, Jozsef"]
[Black "Bareev, Evgeny"]
[Result "0-1"]
[WhiteElo "2515"]
[BlackElo "2655"]

1.d4 d5 2.c4 e6 3.Nc3 c6 4.e3 Nd7 5.Nf3 Ngf6 6.Qc2 Bd6 7.Be2 O-O 8.O-O Re8
9.Rd1 Qe7 10.a4 h6 11.h3 dxc4 12.Bxc4 e5 13.Nh4 Nf8 14.dxe5 Qxe5 15.Nf3 Qe7
16.Bd2 Bd7 17.Rac1 Rad8 18.e4 Ng6 19.Be3 Bb8 20.Rd2 Bc8 21.Rxd8 Rxd8 22.Rd1 Re8
23.Bf1 b6 24.b4 Kf8 25.Nd4 Qe5 26.g3 Qh5 27.Qe2 Qxe2 28.Bxe2 Bd7 29.Kg2 Bc7
30.f3 Ne7 31.Bf2 g5 32.Rc1 Be5 33.Bd3 Rd8 34.Nce2 Nh5 35.Ba6 Be8 36.Rd1 Rd6
37.Rc1 Bd7 38.Bc4 f5 39.exf5 Nxf5 40.Nxf5 Bxf5  0-1

[Event "Vienna op"]
[Site "Vienna"]
[Date "1996.??.??"]
[Round "9"]
[White "Landa, Konstantin"]
[Black "Bareev, Evgeny"]
[Result "0-1"]
[WhiteElo "2570"]
[BlackElo "2655"]

1.Nf3 d5 2.d4 Nf6 3.c4 c6 4.Nc3 e6 5.cxd5 exd5 6.Bg5 h6 7.Bh4 Bf5 8.e3 Nbd7
9.Bd3 Bxd3 10.Qxd3 Bd6 11.a3 a5 12.Ne2 O-O 13.O-O Re8 14.Rfc1 Ra6 15.Rc2 Qb8
16.Bg3 Ne4 17.Bxd6 Nxd6 18.Nd2 a4 19.Rac1 Ra8 20.Nf4 Nf6 21.Qe2 Qa7 22.Qf3 Qa6
23.Nf1 Qa5 24.Ng3 Qd8 25.Nfh5 Nh7 26.Nf4 g6 27.Qd1 Nf6 28.Nf1 Nfe4 29.Nd2 Nxd2
30.Rxd2 Nc4 31.Re2 Qd6 32.Nd3 b6 33.Re1 g5 34.Rc2 Re7 35.Rce2 Qg6 36.Qc2 Re6
37.Nb4 Qxc2 38.Rxc2 f5 39.Ree2 Kf7 40.h3 Rae8 41.Kf1 Ke7 42.g4 fxg4 43.hxg4 Kd6
44.Kg2 c5 45.dxc5+ bxc5 46.Na2 Re4 47.Kg3 d4 48.Rxc4 d3 49.Rd2 Rxc4 50.Rxd3+ Kc6
51.Nc3 Rb8 52.Rd2 Rxb2 53.Rxb2 Rxc3 54.Kf3 Rxa3 55.Ke4 Ra1 56.Kd3 a3 57.Rc2 Kb5
58.Kc3 c4 59.e4 Kc5 60.e5 Rd1 61.Re2 Rc1+  0-1

[Event "Yerevan ol (Men)"]
[Site "Yerevan"]
[Date "1996.??.??"]
[Round "13"]
[White "Christiansen, Larry Mark"]
[Black "Bareev, Evgeny"]
[Result "1/2-1/2"]
[WhiteElo "2555"]
[BlackElo "2655"]

1.e4 e6 2.d3 d5 3.Qe2 b6 4.Nf3 dxe4 5.Qxe4 c6 6.d4 Nf6 7.Qh4 Bb7 8.Be2 Nbd7
9.Nc3 Bd6 10.O-O h6 11.Bf4 Qc7 12.Bxd6 Qxd6 13.a3 O-O 14.Rad1 Rfd8 15.Rfe1 Rac8
16.Bf1 Qb8 17.Bc4 Nf8 18.Ne5 c5 19.Ne2 b5 20.Ba2 Bd5 21.Bxd5 Rxd5 22.Nc3 Rdd8
23.Rd3 Rxd4 24.Rxd4 cxd4 25.Qxd4 a6 26.Rd1 Rc7 27.h3 Qb7 28.Rd3 N8d7 29.Rg3 Qb6
30.Qf4 Kf8 31.Qb4+ Qc5 32.Nxd7+ Nxd7 33.Qe4 g6 34.Qa8+ Kg7 35.Qxa6 b4 36.axb4 Qxb4
37.Qa1 Nf6 38.b3 Qd4 39.Qe1 Rc5 40.Rd3 Qf4 41.Qe3 Qc7 42.b4 Rc4 43.b5 e5
44.Nd5 Nxd5 45.Rxd5 Rxc2 46.b6 Qc3 47.Qxc3 Rxc3 48.Rb5 Rc8 49.g4 Kf6 50.Kg2 Ke6
51.Kf3 Rb8 52.b7 f5 53.gxf5+ gxf5 54.Ke3 Kd6 55.Kd3 Kc6 56.Kc4 f4 57.Rc5+ Kd6
58.Rd5+ Kc6 59.Rxe5 Rxb7 60.Re6+ Kd7 61.Rf6 Rb2 62.Rxf4 Ke6  1/2-1/2

[Event "RUS-ch m3-4"]
[Site "Elista"]
[Date "1997.06.05"]
[Round "6.3"]
[White "Bareev, Evgeny"]
[Black "Svidler, Peter"]
[Result "1-0"]
[WhiteElo "2665"]
[BlackElo "2640"]

1.d4 d5 2.c4 dxc4 3.Nf3 a6 4.e3 e6 5.Bxc4 c5 6.O-O Nf6 7.dxc5 Qxd1 8.Rxd1 Bxc5
9.Be2 Nbd7 10.Nbd2 b6 11.Nc4 Bb7 12.b3 O-O 13.Bb2 Rfd8 14.Rac1 Kf8 15.Kf1 Bd5
16.Nce5 Nxe5 17.Nxe5 Bb7 18.g4 Nd5 19.e4 Nf6 20.f3 h6 21.h4 Rac8 22.g5 hxg5
23.hxg5 Nh5 24.Nd7+ Ke7 25.Nxc5 Rxd1+ 26.Rxd1 bxc5 27.Be5 Rc6 28.Bb8 f6 29.gxf6+ gxf6
30.Kf2 Ng7 31.Rh1 Bc8 32.f4 a5 33.e5 Ne8 34.Rh7+ Kd8 35.Rh8 fxe5 36.Bb5 Bd7
37.Bxc6 Bxc6 38.fxe5 a4 39.bxa4 Bxa4 40.Ke3 Kd7 41.Ba7 c4 42.Kd4 Bc6 43.Rh7+ Kc8
44.Bb6  1-0

[Event "WchT 4th"]
[Site "Luzern"]
[Date "1997.10.29"]
[Round "5"]
[White "Bareev, Evgeny"]
[Black "Kotsur, Pavel"]
[Result "0-1"]
[WhiteElo "2670"]
[BlackElo "2500"]

1.c4 Nf6 2.Nc3 e5 3.Nf3 Nc6 4.d4 exd4 5.Nxd4 Bb4 6.g3 O-O 7.Bg2 Re8 8.O-O Bxc3
9.bxc3 Qe7 10.Qa4 Ne4 11.Qc2 d6 12.Nxc6 bxc6 13.Be3 c5 14.Rac1 Bd7 15.Qb3 Bc6
16.Qa3 a5 17.Rfe1 Qe6 18.Bf4 Qxc4 19.h4 Bd5 20.f3 Nf6 21.Rc2 Nh5 22.e4 Bc6
23.Qc1 f5 24.e5 Nxf4 25.Qxf4 Qxf4 26.gxf4 Rab8 27.Kf2 a4 28.Bf1 a3 29.c4 Rb2
30.Rxb2 axb2 31.Bd3 Ra8 32.Bxf5 Rxa2 33.Rb1 Ra3 34.exd6 Rxf3+ 35.Ke2 cxd6
36.Bd7 Be4 37.Rxb2 Rxf4 38.h5 Kf7 39.Ra2 Kf6 40.Ra7 Rh4 41.Be8 Bf5  0-1

[Event "RUS-ch m1-2"]
[Site "Elista"]
[Date "1997.??.??"]
[Round "6.2"]
[White "Svidler, Peter"]
[Black "Bareev, Evgeny"]
[Result "1-0"]
[WhiteElo "2640"]
[BlackElo "2665"]

1.e4 e6 2.d4 d5 3.Nc3 Nf6 4.e5 Nfd7 5.f4 c5 6.Nf3 Nc6 7.Be3 Qb6 8.Na4 Qa5+
9.c3 c4 10.b4 Qc7 11.g3 Be7 12.Bh3 b5 13.Nc5 a5 14.a3 axb4 15.axb4 Rxa1 16.Qxa1 Nxc5
17.dxc5 O-O 18.Nd4 Nxd4 19.Bxd4 Bb7 20.O-O Ra8 21.Qb1 Bc8 22.Bg2 Ra6 23.g4 Qd8
24.Qc2 Bd7 25.f5 Bg5 26.f6 g6 27.h4 Bxh4 28.Qd2 g5 29.Bf2 Bxf2+ 30.Rxf2 Ra1+
31.Bf1 Kh8 32.Rh2 Qg8 33.Rh6 d4 34.Qxd4 Bc6 35.Kf2 Qa8 36.Be2 Ra2 37.Qe3 Qd8
38.Kg3 Rc2 39.Rh2 Qg8 40.Bf3 Rxh2 41.Kxh2 Bxf3 42.Qxf3 Qd8 43.c6 h6 44.Kg3 Qb6
45.Kg2 Qc7 46.Qe4 Kg8 47.Kf1 Kh8 48.Kf2 h5 49.Qd4 Kh7 50.Qd7 Qb6+ 51.Ke2  1-0

[Event "EU-chT (Men)"]
[Site "Pula"]
[Date "1997.??.??"]
[Round "1"]
[White "Bareev, Evgeny"]
[Black "Rozentalis, Eduardas"]
[Result "1-0"]
[WhiteElo "2665"]
[BlackElo "2650"]

1.c4 e6 2.Nc3 Bb4 3.Qb3 Nc6 4.Nf3 Nf6 5.a3 Bxc3 6.Qxc3 d5 7.e3 O-O 8.b4 Ne4
9.Qc2 Ng5 10.Bb2 Bd7 11.cxd5 Nxf3+ 12.gxf3 exd5 13.Rg1 f6 14.Bd3 h6 15.Bh7+ Kh8
16.Rxg7 Kxg7 17.Qg6+ Kh8 18.Qxh6 Qe7 19.Bg6+ Kg8 20.Ke2 Qg7 21.Qh5 Rfd8 22.Rg1 Kf8
23.Rg3 Ke7 24.Bf5 Qf7 25.Bxf6+ Qxf6 26.Qh7+ Qf7 27.Rg7 Be8 28.Bg6 Qxg7 29.Qxg7+ Ke6
30.Bh7 Ne7 31.f4 Bb5+ 32.d3 Rf8 33.Qe5+ Kd7 34.f5 Rae8 35.f6 Nc8 36.Qxd5+ Nd6
37.Bg6 Re6 38.Bf5 Rxf6 39.Bxe6+ Rxe6 40.h4 Ke7 41.Qc5 a6 42.Qxc7+ Kf6 43.Qd8+ Kf7
44.Kd2 Nf5 45.Qc7+ Re7 46.Qf4 Ke6 47.e4 Nd4 48.Qh6+ Kd7 49.Qf6  1-0

[Event "EU-chT (Men)"]
[Site "Pula"]
[Date "1997.??.??"]
[Round "9"]
[White "Bareev, Evgeny"]
[Black "Aleksandrov, Aleksej"]
[Result "1-0"]
[WhiteElo "2665"]
[BlackElo "2615"]

1.c4 e6 2.Nc3 d5 3.d4 Bb4 4.e3 c5 5.a3 Bxc3+ 6.bxc3 Ne7 7.Bd3 dxc4 8.Bxc4 Qc7
9.Qd3 b6 10.Ne2 Bb7 11.e4 Nd7 12.Bf4 e5 13.dxe5 Nxe5 14.Qg3 N7g6 15.Bb5+ Ke7
16.Bxe5 Qxe5 17.f4 Qxe4 18.f5 Ne5 19.O-O f6 20.Nf4 Kf7 21.Rae1 Qxf5 22.Nd5 Nf3+
23.Rxf3 Qxd5 24.Qc7+ Kf8 25.Qe7+ Kg8 26.Bd7  1-0

[Event "New York op"]
[Site "New York"]
[Date "1998.03.16"]
[Round "1"]
[White "Casella, Michael"]
[Black "Bareev, Evgeny"]
[Result "0-1"]
[WhiteElo "2345"]
[BlackElo "2675"]

1.e4 c6 2.d4 d5 3.e5 Bf5 4.Nc3 e6 5.g4 Bg6 6.Nge2 Ne7 7.h4 h5 8.Nf4 hxg4
9.Nxg6 Nxg6 10.h5 c5 11.Qxg4 cxd4 12.Qxd4 Nc6 13.Bb5 Ne7 14.Bg5 a6 15.Bxc6+ Nxc6
16.Qh4 Be7 17.Bxe7 Qxe7 18.f4 g6 19.Qg4 Qb4 20.O-O-O Nxe5 21.Nxd5 Nxg4 22.Nxb4 Nf2
23.h6 Nxd1 24.Kxd1 Ke7  0-1

[Event "New York op"]
[Site "New York"]
[Date "1998.03.20"]
[Round "7"]
[White "Novikov, Igor A"]
[Black "Bareev, Evgeny"]
[Result "1/2-1/2"]
[WhiteElo "2550"]
[BlackElo "2675"]

1.d4 Nf6 2.c4 e6 3.Nf3 d5 4.Nc3 Bb4 5.Bg5 h6 6.Bxf6 Qxf6 7.e3 O-O 8.Rc1 dxc4
9.Bxc4 c5 10.O-O cxd4 11.Nxd4 Bd7 12.Qb3 Nc6 13.Nxc6  1/2-1/2

[Event "Presidents Cup"]
[Site "Elista"]
[Date "1998.05.15"]
[Round "3.3"]
[White "Sakaev, Konstantin"]
[Black "Bareev, Evgeny"]
[Result "0-1"]
[WhiteElo "2620"]
[BlackElo "2675"]

1.e4 c6 2.d4 d5 3.e5 Bf5 4.Nf3 e6 5.Be2 Nd7 6.O-O h6 7.Nbd2 Ne7 8.b3 c5 9.Bb2 Nc6
10.c4 Be7 11.cxd5 exd5 12.Re1 O-O 13.Nf1 Be6 14.Bd3 cxd4 15.Nxd4 Nxd4 16.Bxd4 Bc5
17.Bc2 Rc8 18.Qd3 g6 19.Bxc5 Nxc5 20.Qd2 Qh4 21.Rad1 Rfd8 22.Ng3 b6 23.Bb1 a5
24.Qd4 Qxd4 25.Rxd4 Na6 26.f4 Nb4 27.Rd2 Kf8 28.Ne2 Ke7 29.Nd4 Rc5 30.h3 Nc6
31.Ne2 f5 32.Kf2 b5 33.g4 Rf8 34.g5 Rh8 35.gxh6 Rxh6 36.Kg3 Rh8 37.Bd3 Rc8
38.h4 d4 39.Rh1 Nb4 40.Bb1 Rc3+ 41.Kh2 Rf3 42.h5 d3 43.Ng3 Rxf4 44.hxg6 Rg4
45.Bxd3 f4 46.Kg2 Rxg3+  0-1

[Event "Sarajevo Bosnia"]
[Site "Sarajevo"]
[Date "1998.06.03"]
[Round "6"]
[White "Georgiev, Kiril"]
[Black "Bareev, Evgeny"]
[Result "1/2-1/2"]
[WhiteElo "2675"]
[BlackElo "2675"]

1.c4 e5 2.g3 Nc6 3.Bg2 g6 4.Nc3 Bg7 5.Rb1 f5 6.b4 Nf6 7.b5 Ne7 8.Qb3 d6 9.e3 O-O
10.Nge2 Kh8 11.d3 a6 12.a4 axb5 13.axb5 c6 14.O-O Be6 15.Ba3 Re8 16.Rfc1 Bg8
17.bxc6 bxc6 18.Qb4 d5 19.cxd5 Nexd5 20.Nxd5 Bxd5 21.Qd6 Qa5 22.Bb4 Qa6 23.Bf1 Bf3
24.Qc5 Rad8 25.Nc3 f4 26.Ne4 Nxe4 27.dxe4 Qc8 28.exf4 Bxe4 29.Ra1 exf4 30.Bc3 fxg3
31.Bxg7+ Kxg7 32.Ra7+ Kh6 33.hxg3 Qf5 34.Qe3+ g5 35.Qc3 Qe5 36.Qxe5 Rxe5
37.Bg2 Bg6 38.Bf3 Rd4 39.Bxc6 g4  1/2-1/2

[Event "RUS-ch51"]
[Site "St Petersburg"]
[Date "1998.08.02"]
[Round "6"]
[White "Bareev, Evgeny"]
[Black "Tunik, Gennady"]
[Result "1/2-1/2"]
[WhiteElo "2690"]
[BlackElo "2480"]

1.c4 Nf6 2.Nc3 e5 3.Nf3 Nc6 4.g3 d5 5.cxd5 Nxd5 6.Bg2 Nb6 7.O-O Be7 8.b3 O-O
9.Bb2 Be6 10.Rc1 f6 11.Ne4 Qd7 12.d4 exd4 13.Nxd4 Nxd4 14.Qxd4 Qxd4 15.Bxd4 c6
16.Nc5 Bxc5 17.Bxc5 Rfd8 18.Rfd1 Kf7 19.e4 Rd7 20.f4 g6 21.Bf3 Rad8 22.g4 Rxd1+
23.Rxd1 Rxd1+ 24.Bxd1 Nc8 25.f5 gxf5 26.gxf5 Bd7 27.b4 b6 28.Bb3+ Ke8 29.Bd4 Nd6
30.Bc2 Ke7 31.Kf2 Nc4 32.a4 Ne5 33.a5 c5 34.bxc5 Nc6 35.axb6 axb6 36.Be3 bxc5
37.Bxc5+ Kf7 38.Ke3 Ne5 39.Bd1 Bc6 40.Kd4 Bb7 41.Bd6 Nc6+ 42.Kc5 Ne5 43.Bc2 Ba6
44.Bb3+ Kg7 45.Kd5 Bb7+ 46.Kd4 Nf3+ 47.Ke3 Bxe4 48.Kxe4 Nd2+ 49.Kd5 Nxb3
50.Bf4 Na5 51.Kc5 Nb7+ 52.Kc6 Nd8+ 53.Kd7 Nf7 54.Ke7 Nh8 55.h3 Nf7 56.h4 Nh8
57.Be3 Nf7 58.Bd4 Nh6 59.Ke6 Nf7 60.Bxf6+ Kg8 61.Bg5 Nh8  1/2-1/2